00553nam a2200169Ia 45000030006000000080041000060400015000471000018000622450044000802600064001243000006001885460012001949420012002069990017002180050017002359520131002520STCL150530s9999 xx 000 0 und d aSTCLcSTCL aGamble, J.S.. aFlora of the Presidency of Madras Vol I bBishen Singh Mahendra Lal Singh; Dehra Dunc2011aDehra Dun a0 aEnglish 2ddccBK c35651d3565120220125170350.0 00102ddc4070aSTCALbSTCALcGENd2015-05-30g0.00l9o578.012 GAM-Jp81508r2024-03-25 00:00:00s2022-12-02w2015-05-30yBK